[Event "EU-Cup 21st"]
[Site "Saint Vincent"]
[Date "2005.09.19"]
[Round "2.5"]
[White "Golod, Vitali"]
[Black "Vallejo Pons, Francisco"]
[Result "1/2-1/2"]
[WhiteElo "2582"]
[BlackElo "2681"]
[Annotator "Golod,V"]
[PlyCount "183"]
[EventDate "2005.09.18"]
[EventType "team-swiss"]
[EventRounds "7"]
[EventCountry "ITA"]
[SourceTitle "CBM 110"]
[Source "ChessBase"]
[SourceDate "2006.01.31"]
[SourceVersion "1"]
[SourceVersionDate "2006.01.31"]
[SourceQuality "1"]
[WhiteTeam "Beer Sheva"]
[BlackTeam "Paris NAO"]
[WhiteTeamCountry "ISR"]
[BlackTeamCountry "FRA"]

1. d4 e6 2. c4 c5 3. d5 exd5 4. cxd5 d6 5. Nc3 g6 6. e4 Bg7 7. Bd3 a6 8. a4 Ne7
$6 {The doubtful idea of this rare variation is, that the N on "e7" allows to
push "f5", which opposes White's pawn center. I hope that this game taught my
opponent the right estimation of this idea.} 9. h4 $1 $14 {This is the
strongest continuation to black's previous move. I created the threat of
"h5-h6" which will be very unpleasant for Black, as the knight didn't take the
usual spot in this position: "f6" square.} h6 ({On:} 9... Nd7) ({or} 9... h5 {
I have found four games in Mega DataBase 2005 in each continuation. But all of
the games were with a big advantage for White.}) 10. h5 g5 11. f4 $1 {After a
long meditation, I decided to go for the more effective continuation. Only
then I can go for an advantage.} (11. g4 $6 Nd7 12. Nh3 Ne5 13. Be2 $13 {
in any event, I still have to prepare "f4" sooner or later.}) 11... gxf4 $146 (
11... g4 $143 12. f5 Nd7 (12... Rg8 $5) 13. Qxg4 Bd4 14. Nf3 Ne5 15. Nxe5 Bxe5
16. Bf4 $16 {Kiriakov,P-Pelletier,Y/playchess.com INT,2004(1-0)(49)}) 12. Bxf4
Nd7 13. Nf3 {It was necessary to take "e5" under control immediately. Besides
that, because of the knight on "d7" Black doesn't have Bg4.} (13. Bxd6 $2 {
is refuted by:} Qb6 $36 {[%csl Rb2,Rd6][%cal Gb6d6,Gb6b2]}) 13... Nf6 14. Nd2 {
[%csl Rd6][%cal Gd2c4] My knight moves along with black's knight. Now I've
created the strong threat "Nc4" (קd6).} Bg4 {After making this move,
Francisco Vallejo Pons offered me a draw. I spent some time thinking, even
though it was obvious to me that the game had to continue.} 15. Be2 Bxe2 16.
Qxe2 {Exchanging those bishops, only favours White, since now Black's weak
spots are (f5,g4).} O-O 17. O-O $1 {According to my home analysis, this move
was stronger than:} (17. Nc4 b5 $1 (17... Nexd5 $2 18. exd5 Re8 19. Ne3 $18)
18. Nxd6 Ne8 (18... b4 $2 19. Nd1 Nexd5 $140 20. exd5 Nxd5 21. Be5 $18) 19.
Nxe8 Rxe8 $132) 17... Nh7 18. Nc4 Nc8 19. Ne3 $1 $16 {[%csl Rf5,Rh6][%cal
Ge3f5,Gf5h6,Ge3g4,Gg4h6]} Ne7 {Black can't defend all of his weaknesses at
once (><f5,g4).} 20. Ng4 Ng5 $8 21. Bxg5 hxg5 22. e5 $1 $40 {All my pieces
have occupied ideal positions and are ready to open the position of Black's
king.} (22. Nf6+ $5 Kh8 23. e5 $140 Ng8 24. Nce4 $16) 22... dxe5 (22... Bxe5 $2
{leads to an immediate disaster:} 23. Nxe5 dxe5 24. Qxe5 {[%csl Rg5,Rg8][%cal
Gh5h6,Cf7f6,Cf6e5,Ge5g5]} f5 25. Qe6+ Kg7 26. Rae1 $18) 23. Nf6+ Bxf6 (23...
Kh8 {was hardly better:} 24. Nce4 $16 (24. Qxe5 $5 Ng8 25. Nce4 $16) 24... Nxd5
$140 $2 25. Rad1 {[%csl Rd5,Rd8]} Nf4 26. Rxf4 $18) 24. Rxf6 Nxd5 {From this
moment on, a series of forced moves begins.} (24... Ng6 $2 25. Ne4 Nf4 26. Qg4
$18) 25. Nxd5 Qxd5 26. Rd1 Qb3 $8 27. Rd3 Qc4 $8 (27... Qxa4 $143 28. Qxe5 Qg4
29. Rh6 f6 30. Qe7 Rf7 31. Rg6+ {with mate in 3 moves.}) 28. b3 Qh4 (28... Qc1+
29. Rf1 Qa3 30. Qxe5 $18 {[%csl Rg8][%cal Ge5g5]}) 29. g3 $1 {This is what I
had in mind when I made my 22nd move.} Qb4 $8 ({After:} 29... Qh3 {Black can't
help but to lose some material:} 30. g4 Qh4 31. Kg2 {/\Rh3 (ףh4)} Rad8 $8 32.
Rh3 $140 Rd2 33. Qxd2 Qxg4+ 34. Rg3 Qe4+ 35. Kg1 $18) 30. Qxe5 $18 Qg4 31. h6 {
I created the threat: 32.Rg6+ fxg6 33.Qg7+} ({This lead to an easily forced
mate:} 31. Rh6 $1 f6 32. Rg6+ (32. Qe7 $5 Rf7 33. Rg6+ {[%csl Rf7]}) 32... Kf7
(32... Kh8 33. Qe7 {with mate in 3 moves.}) 33. Qc7+ Ke8 (33... Ke6 34. Qd7+
Ke5 35. Qd5#) 34. Re3+) (31. Rd7 $5 {Fritz 9 /\32.Rg6+ fxg6 33.Qg7#} Qxh5 $8 (
31... Qxd7 32. Qxg5+ Kh7 33. Rh6#) {[%tqu "En","Find the killer move!","","",
"f6f5","",10]} 32. Rf5 $1 f6 $140 33. Rxg5+ Qxg5 (33... fxg5 34. Qg7#) 34. Qe6+
Kh8 35. Qh3+ Kg8 36. Qh7#) 31... Kh7 {[%tqu "En","Please find the move, which
brings White a decisive advantage!","","","f6a6","On first glance, this take
looks quite strong, but exactly with this move, I missed a forced win.",0,
"f6f2","This rather easy winning move, was found by GM Alexander Huzman, in
our mutual dinner.",10]} 32. Rxa6 $2 {On first glance, this take looks quite
strong, but exactly with this move, I missed a forced win.} (32. Rf2 $1 {
This rather easy winning move, was found by GM Alexander Huzman, in our mutual
dinner.} Rg8 (32... f6 33. Qe7+ Kxh6 34. Rh2+ Qh5 $8 (34... Kg6 35. Qh7#) 35.
Rxh5+ Kxh5 36. g4+ Kg6 (36... Kxg4 37. Qe4+ Kh5 38. Rh3#) (36... Kh4 37. Qh7+
Kxg4 38. Qe4+ Kh5 39. Rh3#) 37. Rd7 {[%csl Rg6][%cal Ge7h7,Ge7g7]}) 33. Rxf7+
Kg6 (33... Kxh6 34. Rd6+ Rg6 (34... Kh5 35. Rh7#) 35. Qg7+ Kh5 36. Qxg6#) 34.
Rf6+ Kh5 (34... Kh7 35. Qe7+ Kh8 36. Rf7 {[%csl Rh8][%cal Of7h7,Ge7f6,Ge7e5]})
35. Rd2 $1 {with mate in 5 moves.}) 32... f6 $8 (32... Rg8 $4 33. Rxa8 Rxa8 34.
Qg7#) 33. Rxf6 (33. Qe7+ $143 Kxh6 34. Rxa8 Rxa8 35. Qxf6+ Kh7 {and the worst
for my opponent is already in the past.}) 33... Rxf6 $8 (33... Rae8 $4 34. Qc7+
{[%csl Rh7][%cal Gc7g7]}) 34. Qxf6 Rg8 $8 35. Qf7+ Kh8 36. Qf6+ $138 {I
decided to gain a little bit of time, since after every move the player gets
extra 30 seconds.} Kh7 37. Qf7+ Kh8 38. Qe7 $6 {Another dubious move. Now it's
very hard to explain why I just didn't take the pawn:} (38. Qxb7 $5 {+/-/+-}) (
38. a5 $5 {/\Qxb7}) 38... Qf5 39. Re3 g4 $16 40. Re5 $6 {This inaccuracy,
allows Black to activate his Queen! This had more winning chances:} (40. Qe5+
$5 Qxe5 41. Rxe5 $16) ({or} 40. a5 $5) 40... Qf3 41. Re3 Qd1+ (41... Qf5 $143 {
transfers to 40.Qe5+!?}) 42. Re1 Qd4+ 43. Kg2 Qd2+ 44. Kg1 {I decided to make
the same moves again, and only then get away from checks.} Qd4+ 45. Re3 Qd1+
46. Kg2 Qd2+ 47. Re2 Qxh6 48. Kg1 {[%csl Rb7,Rh6,Rh8][%cal Ge2h2,Ge7b7]
Obviously it was bad to take the pawn on "b7":} (48. Qxb7 $2 Rf8 (48... Qh3+
$143 49. Kg1 Qxg3+ 50. Qg2 $14) 49. Kg1 Qc1+ 50. Kh2 Qh6+ {with perpetual
check.}) 48... Qc1+ 49. Re1 Qg5 50. Qxb7 {+/=/+/- After exchanging the white
"h" pawn for the black "b" pawn, I still have good practical chances to win
this game. But frankly, after this, how I didn't give a forced mate on move 31,
and my mistakes on moves 32, 38 and 40 in time trouble, I hardly believed that
I could win this game.} Rf8 51. Qe4 Qf6 52. Qe5 $2 {Obviously, I should not
have hurried to exchange the queens.} (52. Qf4 $2 Qxf4 53. gxf4 Rxf4 54. a5 Rf7
55. a6 Ra7 56. Ra1 Kg7 57. Kg2 Kf6 58. Kg3 Ke5 59. Kxg4 Kd4 60. Kf5 Kc3 $11) (
52. Qe3 $5) 52... Qxe5 53. Rxe5 Rf3 54. Kg2 (54. Rh5+ Kg7 55. Rg5+ Kf6 56. Rxg4
Rxb3 57. Kf2 Ke5 $44 {and with such an active king, Black shouldn't lose the
game.}) 54... Rxb3 55. Rxc5 Rb4 $1 (55... Ra3 $2 56. Rc4 {[%csl Rg4][%cal
Yc4a4,Gc4g4]}) 56. Ra5 (56. a5 {doesn't change anything:} Rb2+ 57. Kf1 Ra2 $11
{[%csl Ya2]}) 56... Kg7 57. Ra6 Rb2+ 58. Kf1 Rb3 59. Kf2 Ra3 $11 {Even here we
could have agreed on a draw. The rest of the moves, are just for the protocol :
)} 60. a5 Rf3+ 61. Kg2 Ra3 62. Ra8 Ra2+ 63. Kf1 Ra3 64. Kf2 Rf3+ 65. Kg2 Ra3
66. a6 Ra2+ 67. Kf1 Ra3 68. Kf2 Rf3+ 69. Kg2 Ra3 70. a7 Ra4 {Now, even if I do
get to take the pawn on "g4" the position will still be a theoretical draw.}
71. Kf1 Ra3 72. Kf2 Kh7 73. Ke2 Kg7 74. Kd2 Kh7 75. Kc2 Kg7 76. Kb2 Ra6 77. Kc3
Ra4 78. Kb3 Ra1 79. Kc4 Ra2 80. Kd5 Ra1 81. Ke5 Ra2 82. Kf5 Ra4 83. Kg5 Kh7 84.
Kf6 Ra5 85. Re8 Rxa7 86. Re7+ Rxe7 87. Kxe7 Kg6 88. Ke6 Kg5 89. Ke5 Kg6 90. Kf4
Kf6 91. Kxg4 Kg6 92. Kf4 {I had to accept the draw, which was a very big
disappointment for me and my team, because we lost that match with the minimal
score of 2,5:3,5.  But to point out, until the 32nd move, I played just great!}
1/2-1/2

[Event "Yangon zt"]
[Site "Yangon"]
[Date "1998.12.10"]
[Round "2"]
[White "Adianto, Utut"]
[Black "Roca, Petronio"]
[Result "1-0"]
[WhiteElo "2610"]
[BlackElo "2365"]
[Annotator "Hecht,H"]
[PlyCount "137"]
[EventDate "1998.12.??"]
[EventType "swiss"]
[EventRounds "9"]
[EventCountry "BUR"]
[SourceTitle "CBM 069"]
[Source "ChessBase"]
[SourceDate "1999.04.01"]
[SourceVersion "1"]
[SourceVersionDate "1999.04.01"]
[SourceQuality "1"]

1. Nf3 g6 2. e4 Bg7 3. d4 d6 4. Be2 c5 5. d5 a6 6. a4 e5 7. dxe6 fxe6 8. O-O
Ne7 9. Ng5 h6 10. Nh3 Nbc6 11. Ra3 d5 12. Rg3 Be5 13. Bf4 Qd6 14. Bxe5 Nxe5 15.
Nc3 Bd7 16. f4 Nf7 17. f5 exf5 18. Nxd5 Nxd5 19. Bc4 O-O-O 20. Qxd5 Qxd5 21.
Bxd5 Ne5 22. Rc3 Kb8 23. Rxc5 Rc8 24. Rxc8+ Rxc8 25. c3 fxe4 26. Bxe4 Bxa4 27.
Nf4 g5 28. Nd5 Bc6 29. Ne7 Re8 30. Nxc6+ bxc6 31. h3 Re6 32. b4 Kb7 33. Bf5 Re7
34. Rd1 Nc4 35. Rd4 Ne3 36. Be4 Kc7 37. Bf3 Rd7 38. Rxd7+ Kxd7 {[#] Der Läufer
ist angesichts der Bauernverteilung und der auf die Läuferfarbe festgelegten
schwarzen Bauernschwächen die bessere Leichtfigur. Weiß zentralisiert zunächst
seinen König und hetzt den Springer von einem Flügel zum anderen} 39. Kf2 Nc4 (
39... Nd5 $2 40. Bxd5 cxd5 41. Ke3 h5 42. Kd4 Kd6 43. g3 g4 44. h4 Ke6 45. Kc5
Ke5 46. Kb6 Ke4 47. Kxa6 Kf3 48. b5 Kxg3 49. b6 Kf2 50. b7 g3 51. b8=Q g2 52.
Qf4+ Ke2 53. Qg3 Kf1 54. Qf3+ $18) 40. Be2 Nb6 {[%csl Rc3][%cal Rb6d5]} 41. Ke3
Nd5+ 42. Kd4 Nf4 (42... Nc7 43. Bg4+ Kd6 44. c4 {mit entscheidendem Raumgewinn.
}) 43. Bg4+ Kd6 44. g3 Nd5 45. Bf5 Nf6 46. Bd3 Nh5 47. g4 Nf4 48. Bf1 Kc7 (
48... Ne6+ 49. Ke4 Nf4 50. h4 Ne6 51. h5 {[%csl Ra6,Rh6]}) 49. c4 Kb6 50. Ke5 (
50. c5+ Kc7 51. Ke5 Nd5 52. Bxa6 Nxb4 53. Bc4 Nc2 54. Kf6 {ähnelt der
Textfortsetzung stark}) 50... Kc7 (50... c5 51. Kd6 cxb4 52. c5+ Ka7 53. Bc4
$18) 51. c5 Kd7 52. Kf5 Ke7 53. h4 Nd5 {[%cal Rd5e3]} 54. hxg5 Ne3+ (54... hxg5
55. Bxa6 Nxb4 56. Bc4 {läuft genauso}) 55. Kg6 hxg5 56. Be2 Nd5 57. Bxa6 Nxb4
58. Bc4 {[#] Bei stark reduziertem Bauernmaterial kommt die Stärke des Läufers
gut zur Geltung. Lc4 und der nicht angreifbare Bc5 lassen den schwarzen
Figuren keinen Lebensraum.} Nc2 59. Kxg5 Ne3 60. Bb3 Ng2 61. Bc2 {[%cal Rc2e4]}
Ne3 62. Be4 Kd7 63. Kf4 Nc4 64. g5 {der Springer ist praktisch pleite und der
König klebt am Bc6.} Na5 65. g6 Ke7 66. Kg5 Nb3 67. g7 Kf7 68. Kh6 Nxc5 69.
Bg6+ (69. Bh7) 1-0

[Event "GER-ch 70th"]
[Site "Bremen"]
[Date "1998.11.14"]
[Round "9"]
[White "Siegel, Georg"]
[Black "Bangiev, Alexander J"]
[Result "1-0"]
[WhiteElo "2495"]
[BlackElo "2395"]
[Annotator "Hecht,H"]
[PlyCount "89"]
[EventDate "1998.11.06"]
[EventType "swiss"]
[EventRounds "9"]
[EventCountry "GER"]
[SourceTitle "CBM 068"]
[Source "ChessBase"]
[SourceDate "1999.02.01"]
[SourceVersion "1"]
[SourceVersionDate "1999.02.01"]
[SourceQuality "1"]

1. d4 c5 2. d5 g6 3. e4 Bg7 4. Nf3 Nf6 5. Nc3 O-O 6. Be2 d6 7. O-O Na6 8. Re1
Nc7 9. a4 b6 10. Bc4 Bg4 11. h3 Bxf3 12. Qxf3 a6 13. Bg5 Rb8 14. Qe2 Qc8 15.
Ra3 Re8 16. Rb3 e6 17. dxe6 fxe6 18. e5 dxe5 19. Bxf6 Bxf6 20. Ne4 Be7 21. Nd2
Bf6 22. Ne4 Be7 23. h4 b5 24. axb5 axb5 25. Bxb5 Nxb5 26. Rxb5 Qc6 27. Rxb8
Rxb8 28. h5 Rxb2 29. hxg6 hxg6 30. Qd2 Qb7 31. Qh6 Rb1 32. Qxg6+ Kf8 33. Qh6+
Ke8 34. Qh5+ Kd7 35. Rd1+ Rxd1+ 36. Qxd1+ {[#] Starker Springer vs schlechter
L bei einem Mehrbauern.} Qd5 37. Qe2 Ke8 38. g4 Qd8 39. g5 Kd7 (39... Bxg5 40.
Qh5+ $18) 40. g6 Bf8 41. Qd3+ Kc7 42. Qxd8+ Kxd8 43. Nxc5 Ke7 44. Ne4 Bh6 45.
c4 1-0

[Event "EU-ch 2nd"]
[Site "Ohrid"]
[Date "2001.06.06"]
[Round "6"]
[White "Mrva, Martin"]
[Black "Blatny, Pavel"]
[Result "1-0"]
[WhiteElo "2479"]
[BlackElo "2547"]
[Annotator "Hecht,H"]
[PlyCount "125"]
[EventDate "2001.06.01"]
[EventType "swiss"]
[EventRounds "13"]
[EventCountry "YUG"]
[SourceTitle "CBM 084"]
[Source "ChessBase"]
[SourceDate "2001.09.13"]
[SourceVersion "1"]
[SourceVersionDate "2001.09.13"]
[SourceQuality "1"]

1. e4 g6 2. d4 Bg7 3. c4 c5 4. d5 d6 5. h3 a6 6. a4 a5 7. Nf3 Nf6 8. Nc3 Nfd7
9. Be2 Na6 10. O-O Nb4 11. Nh2 Qb6 12. f4 Bd4+ 13. Kh1 Nf6 14. Bf3 h5 15. Nb5
h4 16. Qe2 Bd7 17. Rd1 Bxb5 18. axb5 Qc7 19. Ra4 Nd7 20. Bg4 Bg7 21. Ra3 Nf6
22. f5 gxf5 23. exf5 Kf8 24. Bg5 Re8 25. Re3 Ng8 26. Nf3 Bf6 27. Re1 Qd8 28.
Bxf6 Nxf6 29. Qf2 Rh6 30. R1e2 b6 31. Kg1 Kg7 32. Nh2 Rh7 33. Bf3 Kh8 34. Be4
Nxe4 35. Rxe4 Nd3 36. Qe3 Ne5 37. Nf3 f6 38. Nxe5 dxe5 39. Qf2 Rg8 40. Rxh4
Rgg7 41. Ree4 Qg8 42. Rxh7+ Rxh7 43. Rg4 Qf8 44. Rg6 Rh6 45. Qg3 Kh7 46. Qg4
Qf7 47. Rxh6+ Kxh6 {[#] Realisieren eines Mehrbauern unter Königsaktivierung.}
48. Kf2 a4 (48... Kh7 49. Kg3 Qe8 50. Kh4 Qd8 (50... a4 51. Qh5+ Qxh5+ 52. Kxh5
Kg7 53. Kg4 Kh7 54. Kf3 Kh6 55. g4 Kg5 56. Kg3 Kh6 57. h4 Kg7 58. g5 Kf7 59.
Kf3 Kg7 60. Ke4 Kf7 61. gxf6 $18) 51. Qg6+ Kh8 52. Qf7 e4 53. g4 e3 54. Qe6 $18
) 49. Kg3 Qe8 50. Kh4 Qf7 51. Qe2 Qe8 52. Qd1 {Tempozug, um die schwarze Dame
erst nach f7 zu zwingen.} Qf7 (52... Kg7 53. Qh5 Qa8 54. Qg6+ Kf8 55. Kh5 {
Mattangriff} a3 56. Kh6 Qa7 (56... axb2 57. Kh7 e6 58. Qg7+ Ke8 59. dxe6 $18)
57. Kh7 e6+ 58. Kh8 Qf7 59. dxe6 Qxg6 60. fxg6 axb2 61. g7+ Ke7 62. g8=Q b1=Q
63. Qf7+ Kd6 64. Qd7#) 53. g4 Qe8 54. Qd2+ Kg7 55. g5 Qh8+ (55... fxg5+ 56.
Qxg5+ Kf8 57. Qh6+ Kg8 58. Qg6+ $18) 56. Kg4 Qg8 57. h4 Qa8 58. h5 a3 59. h6+
Kh8 60. bxa3 Qa4 61. gxf6 Qxc4+ 62. Kh5 exf6 63. Qg2 1-0

[Event "Reggio Emilia 9697 39th"]
[Site "Reggio Emilia"]
[Date "1996.12.31"]
[Round "6"]
[White "Mantovani, Renzo"]
[Black "Romanishin, Oleg M"]
[Result "1/2-1/2"]
[WhiteElo "2360"]
[BlackElo "2555"]
[Annotator "Hecht,H"]
[PlyCount "83"]
[EventDate "1996.12.26"]
[EventType "tourn"]
[EventRounds "9"]
[EventCountry "ITA"]
[EventCategory "11"]
[SourceTitle "CBM 057"]
[Source "ChessBase"]
[SourceDate "1997.04.01"]
[SourceVersion "1"]
[SourceVersionDate "1997.04.01"]
[SourceQuality "1"]

1. e4 c5 2. Nf3 g6 3. d4 Bg7 4. d5 Nf6 5. Nc3 d6 6. Bb5+ Bd7 7. a4 O-O 8. h3
Bxb5 9. axb5 Nbd7 10. O-O Nb6 11. Re1 Re8 12. Na4 a6 13. Nxb6 Qxb6 14. bxa6
Rxa6 15. Rxa6 Qxa6 16. c3 Nd7 17. Bf4 Ra8 18. e5 dxe5 19. Nxe5 Nxe5 20. Bxe5
Bxe5 21. Rxe5 Qa1 22. Qxa1 Rxa1+ 23. Kh2 Kf8 24. Re2 Ke8 25. c4 Kd7 26. Re3 Rc1
27. Rc3 Rxc3 28. bxc3 {[#] Motive: beiderseitige Umgehung; Tempospiel} Kc7 29.
Kg3 Kb6 30. Kf4 Ka5 (30... f6 31. g4 h6 32. h4 Ka5 33. h5 (33. g5 fxg5+ (33...
hxg5+ 34. hxg5 Kb6 35. Ke4 Kc7 36. f4 $11) 34. hxg5 h5 35. Kg3 b5 (35... Kb6
36. f4 Kc7 37. f5 Kd8 38. fxg6 Ke8 39. Kh4 Kf8 40. Kxh5 Kg7 41. Kg4 $18) 36.
cxb5 Kxb5 37. f4 Kc4 38. f5 Kxd5 39. fxg6 Ke6 40. c4 $18) 33... gxh5 34. gxh5
Ka4 35. Kf5 Kb3 36. Kg6 Kxc4 37. Kxh6 b5 38. Kg7 b4 39. cxb4 cxb4 40. h6 b3 41.
h7 b2 42. h8=Q b1=Q 43. Qc8+ $11) 31. Ke5 Ka4 32. d6 exd6+ 33. Kxd6 b6 34. Kc6
Kb3 35. Kxb6 Kxc4 36. f4 Kxc3 (36... f5 37. g4 fxg4 (37... h5 38. gxf5 gxf5 39.
h4 Kd5 40. Kb5 Ke4 41. Kxc5 Kxf4 42. Kd5 Kg4 43. c4 f4 44. c5 f3 45. c6 f2 46.
c7 f1=Q 47. c8=Q+ Kxh4 $15) 38. hxg4 h5 39. f5 gxf5 40. gxh5 f4 41. h6 $11) 37.
Kxc5 Kd3 38. Kd5 Ke3 39. Ke5 Kf2 40. Kf6 Kxg2 41. Kxf7 Kxh3 42. Kg7 1/2-1/2

[Event "Donner Memorial"]
[Site "Amsterdam"]
[Date "1996.08.23"]
[Round "6"]
[White "Sokolov, Ivan"]
[Black "Hodgson, Julian M"]
[Result "1-0"]
[WhiteElo "2670"]
[BlackElo "2550"]
[Annotator "Hecht,H"]
[PlyCount "107"]
[EventDate "1996.08.17"]
[EventType "tourn"]
[EventRounds "11"]
[EventCountry "NED"]
[EventCategory "16"]
[SourceTitle "CBM 055"]
[Source "ChessBase"]
[SourceDate "1996.12.01"]
[SourceVersion "1"]
[SourceVersionDate "1996.12.01"]
[SourceQuality "1"]

1. d4 Nf6 2. Nf3 c5 3. d5 b5 4. Bg5 d6 5. e3 Qa5+ 6. c3 Nbd7 7. Nbd2 Rb8 8. e4
g6 9. a4 b4 10. Nc4 Qc7 11. Bd3 Bg7 12. O-O O-O 13. Nfd2 Nb6 14. Ne3 a5 15. Qc2
b3 16. Qd1 Re8 17. Bxf6 exf6 18. Qxb3 Bh6 19. Bb5 Bxe3 20. fxe3 Bd7 21. c4 Bxb5
22. cxb5 f5 23. exf5 c4 24. Qc3 Qc5 25. fxg6 hxg6 26. Rf3 Re5 27. Kh1 Qxd5 28.
Qxa5 c3 29. Qxc3 Rc8 30. Qd4 Qxd4 31. exd4 Re2 32. Nf1 Rxb2 33. a5 Ra8 34. Rfa3
Nc4 35. Ra4 d5 36. b6 Rb5 37. a6 Rxb6 38. a7 Rb7 39. h3 Kf8 40. Ra6 Ke7 41. Nh2
Rb6 42. Ng4 Rxa6 43. Rxa6 {[#] Der Riesenfreibauer a7 bindet die schwarzen
Figuren und ermöglicht Weiß auch am K-Flügel Freibauernbildung. Leichte Kost.}
Nd6 44. Ne5 Nf5 45. Nc6+ Kd7 46. g4 Ng3+ 47. Kg2 Ne2 48. Kf3 (48. Rb6 $2 Kc7
49. Rb8 Rxa7) 48... Ng1+ 49. Kg2 Ne2 50. h4 Kc7 51. Kf3 Nc3 52. Ne5 Nb5 53. Ke3
Nxa7 54. Nxf7 1-0

[Event "Capablanca Memorial Elite 31st"]
[Site "Cienfuegos"]
[Date "1996.??.??"]
[Round "3"]
[White "Conquest, Stuart"]
[Black "Becerra Rivero, Julio"]
[Result "1-0"]
[WhiteElo "2540"]
[BlackElo "2530"]
[Annotator "Kantsler,B"]
[PlyCount "65"]
[EventDate "1996.05.??"]
[EventType "tourn"]
[EventRounds "13"]
[EventCountry "CUB"]
[EventCategory "12"]
[SourceTitle "CBM 054"]
[Source "ChessBase"]
[SourceDate "1996.10.01"]
[SourceVersion "1"]
[SourceVersionDate "1996.10.01"]
[SourceQuality "1"]

1. d4 {Petursson} c5 2. d5 f5 3. e4 (3. Nc3 Nf6 4. Bg5 Qb6 5. Qd2 (5. Bxf6 Qxf6
6. e3 (6. e4 $5) 6... g6 $6 (6... d6 $5 7. Bb5+ Nd7 $13) 7. Bc4 $6 (7. d6 $1
$16) 7... d6 $1 8. Nge2 Nd7 9. Nf4 Ne5 10. Qe2 (10. Bb5+ Kf7 $1) 10... Bh6 11.
h4 O-O 12. a4 Nxc4 $1 13. Qxc4 b6 14. g3 a6 15. O-O Bd7 16. Ne6 Rfb8 $13 {
Lputian,S-Tukmakov,V/Tilburg/1994/0:1/51/}) 5... h6 6. Bxf6 Qxf6 7. O-O-O d6 8.
e4 g6 9. Bb5+ Nd7 10. exf5 Qxf5 11. Bd3 Qf7 12. Nb5 Kd8 13. Nf3 Bg7 $13 {
Alburt,L-Levitt,J/New York op/1994/1:0/39/}) 3... fxe4 4. Nc3 Nf6 5. g4 $1 {N/}
(5. Bg5 d6 6. Bxf6 $6 (6. Qd2 $5) 6... exf6 7. Nxe4 Be7 8. Bd3 f5 9. Nc3 O-O
10. Nf3 Nd7 11. O-O Ne5 $15) 5... h6 (5... g6 6. g5 Nh5 7. Be2 Ng7 8. h4 $36) (
5... d6 6. g5 Nfd7 (6... Ng4 $2 7. Bb5+ Kf7 8. Nxe4 $16)) 6. Bg2 Qb6 (6... d6
7. h3 (7. Nxe4 $1 Nxg4 8. h3 Nf6 (8... Ne5 9. f4 Nf7 10. Qh5 Qd7 11. Ng3 $1 $16
) 9. Nxf6+ exf6 (9... gxf6 10. Qh5+ Kd7 11. Ne2 $36) 10. Qh5+ Kd7 11. Ne2 $36)
7... e6 $5 8. Nge2 (8. dxe6 $2 d5) (8. Nxe4 Nxd5 9. g5 $44) 8... Be7 9. Nf4 $16
) 7. Nge2 $1 (7. Nxe4 $4 Nxe4 8. Bxe4 Qb4+ $19) 7... d6 (7... Nxg4 8. Nf4 $1
Nf6 9. Ng6 Rg8 10. O-O $36) 8. h3 g5 9. Nxe4 Nxe4 10. Bxe4 Qb4+ (10... Bg7 11.
Bg6+ Kd8 $13) 11. Nc3 Bg7 12. Bd2 Qxb2 (12... Bxc3 $4 13. Bg6+ Kd8 14. Bxc3 $18
) (12... O-O $6 13. Qe2 Qxb2 14. Rb1 Qa3 15. Rb3 Qa5 16. h4 $18) 13. Rb1 Qa3
14. Rb3 Qa6 (14... Qa5 15. Qe2 $36) 15. Nb5 Kd8 (15... Qb6 $6 16. Nd4 $16) 16.
Qe2 b6 17. O-O Nd7 18. a4 $1 Ne5 (18... Qxa4 $4 19. Ra3 $18) 19. a5 bxa5 (19...
Bd7 20. axb6 axb6 21. Rfb1 $36) 20. Ra3 a4 21. c4 $1 Rb8 22. Rb1 $1 (22. Bc2
Nxc4 23. Qxc4 Qxb5 $15) 22... Bd7 23. Bc2 Qc8 (23... Nxc4 24. Rxa4 Qb7 (24...
Qb6 25. Nc3 Nb2 26. Ra2 $18) 25. Rxa7 (25. Nc3 Nb6 $15) 25... Qb6 26. Rxd7+
Kxd7 27. Qxc4 $18) (23... Bxb5 24. cxb5 Qb7 25. Rxa4 Qxd5 26. Be4 Qf7 27. Rxa7
$18) 24. Ba5+ Ke8 25. Rf1 $1 Rf8 (25... Nxc4 $2 26. Nc7+ Kf7 27. Qxc4 $18) (
25... h5 $5 $13 {Petursson}) 26. Bg6+ $1 Rf7 $8 (26... Nf7 27. Nxd6#) 27. f4 $1
gxf4 (27... Nxg6 28. Nxd6+ Kf8 29. Nxc8 $18) 28. Rxf4 Bxb5 (28... Nxg6 $2 29.
Nxd6+ Kf8 30. Rxf7+ Kg8 31. Rxg7+ Kxg7 32. Nxc8 $18) (28... Bf6 $2 29. Rxf6
exf6 30. Nxd6+ Kf8 31. Nxc8 $18) 29. Rxf7 $1 (29. Bxf7+ $6 Nxf7 30. cxb5 Qd7
$14) 29... Nxf7 (29... Bxc4 30. Rxg7+ Kf8 31. Rf7+ Kg8 (31... Nxf7 32. Qxc4 $18
) 32. Qe4 $18) 30. Rf3 $1 Bd4+ 31. Kh1 Bd7 {Petursson: A better try was} (31...
Bf6 $5 32. Rxf6 Bxc4 33. Qe4 Rb1+ 34. Kh2 Rb2+ 35. Kg3 $18) 32. Rxf7 Rb1+ 33.
Rf1# {Petursson: It is always nice to parry a check with a mate!} 1-0